[Event "SPICE Cup Open 2020"]
[Site "Chesterfield MO USA"]
[Date "2020.10.20"]
[Round "1"]
[White "Nyzhnyk, Illya"]
[Black "Daggupati, Balaji"]
[Result "1-0"]
[WhiteTitle "GM"]
[BlackTitle "FM"]
[WhiteElo "2665"]
[BlackElo "2331"]
[WhiteFideId "14118084"]
[BlackFideId "2090759"]
[EventDate "2020.10.20"]

1. b3 e5 2. Bb2 Nc6 3. e3 d5 4. Bb5 Bd6 5. f4 Qe7 6. Nf3 Bg4 7. h3 Bxf3 8. Qxf3
Nf6 9. fxe5 Bxe5 10. d4 Bd6 11. c4 Qe6 12. cxd5 Bb4+ 13. Kf2 Qxd5 14. Qxd5 Nxd5
15. a3 Ba5 16. e4 Nf6 17. d5 a6 18. Bc4 Bb6+ 19. Ke2 Nd4+ 20. Kd3 c5 21. e5 Nd7
22. Re1 O-O-O 23. Nd2 Rhe8 24. Bxd4 cxd4 25. Nf3 Ba7 26. b4 f6 27. e6 Nb6 28.
Rac1 Kb8 29. Ke4 g6 30. g4 f5+ 31. gxf5 gxf5+ 32. Ke5 d3 33. Kf6 Rf8+ 34. Kg7
Rg8+ 35. Kxh7 Rg3 36. d6 Nd7 37. exd7 Rxf3 38. Re8 Bb6 39. Rxd8+ Bxd8 40. Bb3
Ka7 41. Rc8 d2 42. Bd1 Rxh3+ 43. Kg7 Rh1 44. Rxd8 Rxd1 45. Ra8+ Kxa8 46. d8=Q+
Ka7 47. Qg5 1-0

[Event "SPICE Cup Open 2020"]
[Site "Chesterfield MO USA"]
[Date "2020.10.20"]
[Round "1"]
[White "Colas, Joshua"]
[Black "Bruzon Batista, Lazaro"]
[Result "1/2-1/2"]
[WhiteTitle "FM"]
[BlackTitle "GM"]
[WhiteElo "2255"]
[BlackElo "2644"]
[WhiteFideId "2044447"]
[BlackFideId "3503739"]
[EventDate "2020.10.20"]

1. d4 Nf6 2. Nf3 g6 3. c4 Bg7 4. Nc3 O-O 5. g3 d5 6. cxd5 Nxd5 7. Bg2 Nc6 8. O-O
Nb6 9. e3 Re8 10. b3 e5 11. dxe5 Nxe5 12. Nxe5 Qxd1 13. Rxd1 Bxe5 14. Bb2 c6 15.
Rd2 f5 16. Rad1 Be6 17. Na4 Bxb2 18. Nxb2 Bf7 19. Nd3 Nd5 20. Nc5 Re7 21. Rc1
Rae8 22. h3 Kg7 23. Bf3 a5 24. Na4 Nf6 25. Nb6 Re5 26. Nd7 R5e7 27. Nb6 g5 28.
Rd4 Re5 29. Nd7 Rb5 30. Nxf6 Kxf6 31. Rcd1 Rc5 32. Rd7 Re7 33. R7d6+ Re6 34. Rd7
Re7 35. R7d6+ Re6 36. Rd7 1/2-1/2

[Event "SPICE Cup Open 2020"]
[Site "Chesterfield MO USA"]
[Date "2020.10.20"]
[Round "1"]
[White "Lenderman, Aleksandr"]
[Black "Paciorkowski, Lev"]
[Result "1-0"]
[WhiteTitle "GM"]
[WhiteElo "2634"]
[BlackElo "2249"]
[WhiteFideId "2021285"]
[BlackFideId "30904625"]
[EventDate "2020.10.20"]

1. d4 Nf6 2. c4 g6 3. g3 c6 4. Nf3 Bg7 5. Bg2 O-O 6. O-O d5 7. Qb3 Qb6 8. Nc3
Be6 9. Ng5 dxc4 10. Qa4 Qa6 11. Nxe6 fxe6 12. Qc2 Nbd7 13. Ne4 e5 14. Ng5 exd4
15. Ne6 Nd5 16. Qe4 Qb6 17. Nxf8 Nxf8 18. e3 e5 19. exd4 exd4 20. Re1 Qc7 21.
Qh4 Be5 22. Bh6 Qd6 23. Rad1 Bf6 24. Qg4 Nb4 25. Bf1 b5 26. a3 Nd5 27. Rxd4 Bxd4
28. Qxd4 Qf6 29. Re5 Rd8 30. Bg5 Ne6 31. Qxd5 Rxd5 32. Bxf6 Kf7 33. Rxd5 cxd5
34. Be5 Ng5 35. Bg2 1-0

[Event "SPICE Cup Open 2020"]
[Site "Chesterfield MO USA"]
[Date "2020.10.20"]
[Round "1"]
[White "Antova, Gabriela"]
[Black "Gledura, Benjamin"]
[Result "0-1"]
[WhiteTitle "FM"]
[BlackTitle "GM"]
[WhiteElo "2238"]
[BlackElo "2620"]
[WhiteFideId "2915235"]
[BlackFideId "712779"]
[EventDate "2020.10.20"]

1. d4 Nf6 2. c4 d6 3. Nf3 Nbd7 4. Nc3 e5 5. e4 g6 6. Be2 Bg7 7. O-O O-O 8. Re1
c6 9. Bf1 a6 10. h3 exd4 11. Nxd4 Re8 12. Bf4 Ne5 13. Qc2 Nh5 14. Be3 c5 15. Nb3
Be6 16. Rad1 Bxc4 17. Bxc4 Nxc4 18. Bxc5 Nf4 19. Ne2 Nxe2+ 20. Rxe2 Nxb2 21.
Rxd6 Qc7 22. Rd5 Rac8 23. Qd2 Na4 24. Bd4 Nc3 25. Bxc3 Qxc3 26. Qxc3 Bxc3 27. g3
b5 28. Kg2 Rc4 29. e5 f6 30. f4 fxe5 31. fxe5 Bb4 32. Nd4 Rf8 33. Nf3 Rfc8 34.
e6 Rc2 35. Re5 Be7 36. Nd4 Rxe2+ 37. Rxe2 Kg7 38. g4 h6 39. Kf3 Rc4 40. Re4 Kf6
41. h4 Bd6 42. h5 gxh5 43. gxh5 Rc7 44. Rg4 Rc4 45. Re4 Ra4 46. Nc6 Rxe4 47.
Kxe4 Kxe6 48. Nd8+ Kf6 49. Kd5 Bf8 50. Ne6 Be7 51. Nc7 Kg5 52. Ke4 Bd6 53. Nxa6
Kxh5 54. Kd5 Bf4 55. Nc5 Kg4 56. Ne4 Kf5 57. Nf2 h5 58. a3 Be3 59. Nh1 Kf4 0-1

[Event "SPICE Cup Open 2020"]
[Site "Chesterfield MO USA"]
[Date "2020.10.20"]
[Round "1"]
[White "Quesada Perez, Yuniesky"]
[Black "Ezra, Paul Chambers"]
[Result "1-0"]
[WhiteTitle "GM"]
[BlackTitle "FM"]
[WhiteElo "2598"]
[BlackElo "2231"]
[WhiteFideId "3504409"]
[BlackFideId "20300204"]
[EventDate "2020.10.20"]

1. e4 c5 2. Nf3 Nc6 3. Bb5 e6 4. Bxc6 bxc6 5. d3 Ne7 6. Qe2 Qc7 7. h4 e5 8. h5
d6 9. Na3 f6 10. Nc4 Be6 11. Ne3 Nc8 12. Bd2 Nb6 13. b3 d5 14. c4 a5 15. Nh4 Qf7
16. Nhf5 a4 17. Rb1 axb3 18. Rxb3 Nd7 19. Bc1 dxe4 20. dxe4 Rg8 21. O-O g6 22.
Rd1 Rh8 23. Rb7 Ra4 24. Rdxd7 Bxd7 25. Rb8+ Bc8 26. Rxc8+ Kd7 27. Rxf8 Qxf8 28.
Qd1+ Kc7 29. Qxa4 gxf5 30. Qa7+ Kc8 31. Nxf5 1-0

[Event "SPICE Cup Open 2020"]
[Site "Chesterfield MO USA"]
[Date "2020.10.20"]
[Round "1"]
[White "Cordova, Emilio"]
[Black "Matta, Nicholas"]
[Result "1-0"]
[WhiteTitle "GM"]
[WhiteElo "2592"]
[BlackElo "2177"]
[WhiteFideId "3801497"]
[BlackFideId "30914523"]
[EventDate "2020.10.20"]

1. Nf3 c5 2. c4 Nc6 3. d4 cxd4 4. Nxd4 Nf6 5. Nc3 e6 6. Bg5 h6 7. Bh4 Qb6 8. Nb3
Bb4 9. Bxf6 gxf6 10. Rc1 Na5 11. e3 Nxb3 12. Qxb3 Bc5 13. Qc2 Qc6 14. a3 f5 15.
Nd5 Be7 16. Qc3 Rg8 17. Nxe7 Kxe7 18. Qb4+ d6 19. c5 Bd7 20. Qh4+ Ke8 21. Qxh6
dxc5 22. h4 Rd8 23. Qf4 Qb6 24. Qe5 Ba4 25. h5 Ke7 26. h6 Rd5 27. Qc3 Qd8 28.
Be2 b6 29. b4 f6 30. h7 Rh8 31. b5 a6 32. bxa6 b5 33. Bf3 Rd6 34. a7 1-0

[Event "SPICE Cup Open 2020"]
[Site "Chesterfield MO USA"]
[Date "2020.10.20"]
[Round "1"]
[White "Yanayt, Eugene"]
[Black "Hakobyan, Aram"]
[Result "0-1"]
[WhiteTitle "FM"]
[BlackTitle "GM"]
[WhiteElo "2173"]
[BlackElo "2588"]
[WhiteFideId "2020165"]
[BlackFideId "13306677"]
[EventDate "2020.10.20"]

1. d4 Nf6 2. c4 g6 3. Nc3 d5 4. cxd5 Nxd5 5. Bd2 Bg7 6. e4 Nb6 7. Be3 O-O 8. Qd2
Nc6 9. Rd1 e5 10. d5 Nd4 11. Bd3 f5 12. Bg5 Qd7 13. f3 fxe4 14. Bxe4 Nc4 15. Qf2
Qf7 16. Bd3 Nb6 17. Nge2 Nxd5 18. O-O Be6 19. Ng3 Nf4 20. Be4 c6 21. Bb1 Bc4 22.
Bxf4 exf4 23. Nge2 Nxe2+ 24. Nxe2 Bxb2 25. Rfe1 Rfd8 26. Nxf4 Bc3 27. Qh4 Qf6
28. Qxf6 Bxf6 29. g3 Bc3 30. Rxd8+ Rxd8 31. Rc1 Bf7 32. Kg2 Rd2+ 33. Kh3 Be5 34.
Re1 Bxf4 35. gxf4 Bxa2 36. Bxa2+ Rxa2 37. Re7 Rb2 38. Kg4 Rb5 39. f5 a5 40. f6
a4 41. Rg7+ Kh8 42. Re7 h5+ 43. Kh4 Kg8 44. Re8+ Kf7 45. Ra8 Kxf6 46. Rxa4 c5
47. Rf4+ Kg7 0-1

[Event "SPICE Cup Open 2020"]
[Site "Chesterfield MO USA"]
[Date "2020.10.20"]
[Round "1"]
[White "Burke, John M"]
[Black "Eckert, Doug"]
[Result "1-0"]
[WhiteTitle "GM"]
[BlackTitle "FM"]
[WhiteElo "2538"]
[BlackElo "2170"]
[WhiteFideId "2070901"]
[BlackFideId "2001993"]
[EventDate "2020.10.20"]

1. e4 e5 2. Nf3 Nc6 3. Bb5 a6 4. Ba4 Nf6 5. O-O Be7 6. d3 b5 7. Bb3 d6 8. a4 Bd7
9. c3 O-O 10. Bc2 Re8 11. Re1 h6 12. Nbd2 Bf8 13. h3 Ne7 14. d4 Ng6 15. Nf1 exd4
16. cxd4 d5 17. e5 Ne4 18. Ng3 Nxg3 19. fxg3 c5 20. dxc5 Bxc5+ 21. Kh2 Bb4 22.
Bd2 Bxd2 23. Qxd2 bxa4 24. Qxd5 Be6 25. Qxd8 Rexd8 26. Bxg6 fxg6 27. Rxa4 Rd3
28. g4 a5 29. b4 Bd7 30. Rxa5 Rb8 31. e6 Be8 32. Re4 Rb3 33. Ne5 Kh7 34. Ra7
R8xb4 35. Rxb4 Rxb4 36. Ra8 Re4 37. Nd7 1-0

[Event "SPICE Cup Open 2020"]
[Site "Chesterfield MO USA"]
[Date "2020.10.20"]
[Round "1"]
[White "Park, Evan"]
[Black "Stremavicius, Titas"]
[Result "0-1"]
[BlackTitle "GM"]
[WhiteElo "2146"]
[BlackElo "2517"]
[WhiteFideId "30931142"]
[BlackFideId "12804444"]
[EventDate "2020.10.20"]

1. e4 c5 2. Nf3 Nc6 3. d4 cxd4 4. Nxd4 Nf6 5. Nc3 d6 6. Bg5 e6 7. Qd2 Qb6 8. Nb3
a6 9. O-O-O Qc7 10. Bxf6 gxf6 11. f4 h5 12. Kb1 b5 13. f5 b4 14. Ne2 e5 15. h4
Ke7 16. Ng3 a5 17. Bc4 Bb7 18. Bd5 a4 19. Nc1 Bh6 20. Qf2 a3 21. b3 Nd4 22. Rxd4
exd4 23. Bxb7 Be3 24. Qf3 Qxb7 25. Nd3 Ra5 26. Nxh5 Rxh5 27. Qxh5 Qxe4 28. Qe2
Rxf5 29. h5 Kf8 30. h6 Kg8 31. h7+ Kh8 32. Nxb4 Qb7 33. Nd3 Rg5 34. Ne1 Qc6 35.
Qf1 f5 36. Qe2 f4 37. Rh4 d3 38. Qxd3 Rd5 39. Qe2 Qc3 40. Nd3 Rxd3 0-1

[Event "SPICE Cup Open 2020"]
[Site "Chesterfield MO USA"]
[Date "2020.10.20"]
[Round "1"]
[White "Repka, Christopher"]
[Black "Proleiko, Julian"]
[Result "1-0"]
[WhiteTitle "GM"]
[WhiteElo "2488"]
[BlackElo "2131"]
[WhiteFideId "14918781"]
[BlackFideId "30900255"]
[EventDate "2020.10.20"]

1. Nf3 Nf6 2. g3 g6 3. c4 Bg7 4. Bg2 O-O 5. O-O c6 6. b3 Ne4 7. d4 a5 8. Bb2 a4
9. bxa4 Qa5 10. Qb3 Qxa4 11. Nc3 Nxc3 12. Bxc3 d6 13. Nd2 Qxb3 14. axb3 Rxa1 15.
Bxa1 Na6 16. d5 c5 17. e4 Bd7 18. f4 Ra8 19. Bxg7 Kxg7 20. Ra1 Nc7 21. Rxa8 Nxa8
22. e5 Nc7 23. Kf2 f5 24. h3 b6 25. g4 fxg4 26. e6 g3+ 27. Kxg3 Bc8 28. h4 Ne8
29. Bh3 Ba6 30. f5 b5 31. Kf4 Nf6 32. Bg4 Kh6 33. Bf3 Kg7 34. Kg5 h6+ 35. Kf4
Kh7 36. Bd1 Kg7 37. Bf3 Kh7 38. fxg6+ Kxg6 39. Bd1 Bb7 40. Bf3 Ba6 41. Bd1 Bb7
42. Be2 Kg7 43. Kf5 Ba6 44. Bd1 Bb7 45. Nf1 Ba6 46. Ne3 bxc4 47. bxc4 Kh7 48.
Bf3 Kg7 49. Kf4 Ng8 50. Nf5+ Kf8 51. Be2 Bb7 52. Bd1 Ba6 53. Bb3 h5 54. Ne3 Nf6
55. Kg5 Ne4+ 56. Kxh5 Kg7 57. Kg4 Nf2+ 58. Kg5 Ne4+ 59. Kf4 Nf2 60. Bc2 1-0

[Event "SPICE Cup Open 2020"]
[Site "Chesterfield MO USA"]
[Date "2020.10.20"]
[Round "1"]
[White "Oberoi, Shelev"]
[Black "Niemann, Hans Moke"]
[Result "0-1"]
[BlackTitle "IM"]
[WhiteElo "2101"]
[BlackElo "2465"]
[WhiteFideId "30908590"]
[BlackFideId "2093596"]
[EventDate "2020.10.20"]

1. e4 e5 2. Nf3 Nc6 3. d4 exd4 4. Nxd4 Nf6 5. Nxc6 bxc6 6. Bd3 d5 7. exd5 cxd5
8. O-O Be7 9. Bb5+ Bd7 10. Bxd7+ Qxd7 11. c4 dxc4 12. Qc2 O-O 13. Qxc4 Rab8 14.
Nc3 Rb4 15. Qe2 Bd6 16. Bg5 Ng4 17. h3 h6 18. Be3 Nxe3 19. Qxe3 Re8 20. Qxa7 Qc6
21. Rfe1 Rxe1+ 22. Rxe1 Bc5 23. Qa5 Rxb2 24. Ne4 Bb4 25. Qf5 Bxe1 26. Qc8+ Kh7
27. Qf5+ Qg6 0-1

[Event "SPICE Cup Open 2020"]
[Site "Chesterfield MO USA"]
[Date "2020.10.20"]
[Round "1"]
[White "Sarkar, Justin"]
[Black "Chen, Ryo"]
[Result "1-0"]
[WhiteTitle "IM"]
[WhiteElo "2377"]
[BlackElo "2085"]
[WhiteFideId "2010011"]
[BlackFideId "7003072"]
[EventDate "2020.10.20"]

1. d4 Nf6 2. c4 g6 3. f3 Bg7 4. e4 d6 5. Nc3 O-O 6. Be3 b6 7. Bd3 a6 8. Nge2 c5
9. e5 Ne8 10. Be4 Ra7 11. dxc5 bxc5 12. Bxc5 Rd7 13. Be3 Bb7 14. e6 fxe6 15.
Bxb7 Rxb7 16. b3 Qa5 17. Rc1 Nc6 18. O-O Nc7 19. Qd2 Rd8 20. Rfd1 Qf5 21. Ne4 e5
22. h4 Bf6 23. N2g3 Qe6 24. h5 Rdb8 25. hxg6 hxg6 26. Nc3 Qf7 27. Nge4 Ne6 28.
Nd5 Bh4 29. Bf2 Bxf2+ 30. Kxf2 Kg7 31. Rh1 Rh8 32. b4 Nf4 33. Nxf4 Qxf4 34. Qxf4
exf4 35. Rxh8 Kxh8 36. a3 a5 37. b5 Ne5 38. Ke2 Kg7 39. a4 Rb8 40. c5 Nd7 41.
Rd1 Nxc5 42. Rc1 Kf7 43. Nxc5 dxc5 44. Kd3 Rd8+ 45. Kc4 Rd4+ 46. Kxc5 Rxa4 47.
Rb1 1-0

[Event "SPICE Cup Open 2020"]
[Site "Chesterfield MO USA"]
[Date "2020.10.20"]
[Round "1"]
[White "Lu, Ming"]
[Black "Krykun, Yuriy"]
[Result "1/2-1/2"]
[BlackTitle "FM"]
[WhiteElo "2084"]
[BlackElo "2371"]
[WhiteFideId "30930880"]
[BlackFideId "14140667"]
[EventDate "2020.10.20"]

1. c4 b6 2. d4 Bb7 3. Nc3 Nf6 4. Qc2 d5 5. cxd5 Nxd5 6. e4 Nxc3 7. bxc3 e6 8.
Nf3 Be7 9. Bd3 c5 10. O-O cxd4 11. cxd4 O-O 12. Bb2 Nc6 13. Qe2 Nb4 14. Bc4 Rc8
15. Rac1 Rxc4 16. Qxc4 Bxe4 17. Ne5 Bd5 18. Qc7 Nxa2 19. Qxd8 Bxd8 20. Rc8 b5
21. Nc6 Bxc6 22. Rxc6 Bb6 23. Ba3 b4 24. Ra1 bxa3 25. Rxa2 Bxd4 26. Rxa3 g6 27.
g3 Bb6 28. Rd3 Rb8 29. Kg2 Rb7 30. h4 h5 31. Rd2 Kg7 32. Rd3 e5 33. Rd2 Bd4 34.
Ra2 Rb3 35. Rca6 Bb6 36. R2a3 Rb5 37. Kf3 Rb2 38. Ra2 Rb3+ 39. Kg2 Kf6 40. Rc2
Rd3 41. Ra4 Rd6 42. Re2 Rd5 43. Rc4 Kg7 44. Rc6 Rb5 45. Rd6 a5 46. Rd7 Bd4 47.
f4 a4 48. fxe5 Bxe5 49. Rf2 Bf6 50. Ra7 Rb4 51. Ra2 Rb2+ 1/2-1/2

[Event "SPICE Cup Open 2020"]
[Site "Chesterfield MO USA"]
[Date "2020.10.20"]
[Round "1"]
[White "Liang, Jason"]
[Black "Shepherd, Duncan"]
[Result "1/2-1/2"]
[WhiteTitle "FM"]
[WhiteElo "2367"]
[BlackElo "2033"]
[WhiteFideId "30940303"]
[BlackFideId "2080311"]
[EventDate "2020.10.20"]

1. e4 c5 2. Nf3 d6 3. d4 cxd4 4. Nxd4 Nf6 5. Nc3 a6 6. h3 e5 7. Nde2 h5 8. g3
Be7 9. Bg2 Nbd7 10. O-O b5 11. Be3 Bb7 12. a4 b4 13. Nd5 Bxd5 14. exd5 Qc7 15.
c3 bxc3 16. Nxc3 O-O 17. Qe2 Rfc8 18. Rab1 Qc4 19. Qxc4 Rxc4 20. Rfc1 Rb4 21. b3
Rab8 22. Bf1 Rxb3 23. Rxb3 Rxb3 24. Bxa6 Bd8 25. Nb5 Bb6 26. Bxb6 Nxb6 27. a5
Nbxd5 28. Nxd6 h4 29. gxh4 Ra3 30. Rc8+ Kh7 31. Nxf7 Rxa5 32. Bd3+ g6 33. Nxe5
Nf4 34. Rc7+ Kh6 35. Nf7+ Kh5 36. Bf1 Ra1 37. Rc4 N6d5 38. Rc8 Kxh4 39. Rh8+ Nh5
40. Ne5 Kg5 41. Nf3+ Kf6 42. Re8 Nhf4 43. Re1 Ra3 44. Bg2 Nxh3+ 45. Bxh3 Rxf3
46. Bg2 Rf5 47. Bxd5 Rxd5 48. Re3 1/2-1/2

[Event "SPICE Cup Open 2020"]
[Site "Chesterfield MO USA"]
[Date "2020.10.20"]
[Round "1"]
[White "Singh, Hersh"]
[Black "Stearman, Josiah"]
[Result "0-1"]
[BlackTitle "FM"]
[WhiteElo "2012"]
[BlackElo "2354"]
[WhiteFideId "30918804"]
[BlackFideId "2062496"]
[EventDate "2020.10.20"]

1. d4 Nf6 2. c4 e6 3. g3 b6 4. Bg2 c6 5. e4 d5 6. cxd5 cxd5 7. e5 Nfd7 8. Nc3 a5
9. Nf3 Ba6 10. Bg5 Qc8 11. Rc1 Nc6 12. Qa4 Bb4 13. Bf1 h6 14. Bxa6 Qxa6 15. Qxc6
Rc8 16. Qa4 hxg5 17. Nxg5 Qd3 18. Qd1 Rxc3 19. bxc3 Bxc3+ 20. Rxc3 Qxc3+ 21. Kf1
b5 22. Kg2 Nb6 23. Qb1 b4 24. Nxe6 fxe6 25. Rc1 Qxd4 26. Qg6+ Kf8 27. Rc7 Qe4+
28. Qxe4 dxe4 29. Rc6 Rh5 30. Rxb6 Rxe5 31. Kf1 e3 32. fxe3 Rxe3 33. Rd6 Ke7 34.
Rd2 Re5 35. Kg2 Rd5 36. Rb2 Kd6 37. h4 Rb5 38. g4 a4 39. h5 b3 40. axb3 axb3 41.
Kf3 Kd5 42. g5 Kc4 43. Kg4 Kc3 44. Rb1 Kc2 45. Rh1 b2 46. h6 gxh6 47. gxh6 b1=Q
48. Rxb1 Rxb1 49. Kg5 Rh1 50. Kg6 e5 0-1

[Event "SPICE Cup Open 2020"]
[Site "Chesterfield MO USA"]
[Date "2020.10.21"]
[Round "2"]
[White "Stremavicius, Titas"]
[Black "Nyzhnyk, Illya"]
[Result "1/2-1/2"]
[WhiteTitle "GM"]
[BlackTitle "GM"]
[WhiteElo "2517"]
[BlackElo "2665"]
[WhiteFideId "12804444"]
[BlackFideId "14118084"]
[EventDate "2020.10.20"]

1. c4 e6 2. Nc3 d5 3. d4 Bb4 4. a3 Bxc3+ 5. bxc3 Nf6 6. e3 O-O 7. cxd5 exd5 8.
Bd3 b6 9. Ne2 Ba6 10. Bxa6 Nxa6 11. Qd3 Qc8 12. f3 Re8 13. O-O c5 14. Ng3 Qb7
15. Bb2 c4 16. Qd2 Re6 17. Rae1 Rae8 18. Re2 g6 19. Rfe1 h5 20. Nh1 Nh7 21. Nf2
f5 22. Qc2 b5 23. e4 fxe4 24. fxe4 dxe4 25. Rxe4 Rxe4 26. Rxe4 Rxe4 27. Nxe4 Qe7
28. Bc1 Nc7 29. Bf4 Nd5 30. Be5 Qxa3 31. h3 Ne3 32. Qb1 Qb3 33. Nf6+ Kf7 34. Qa1
Qa4 35. Qe1 Nxf6 36. Qxe3 Qd1+ 37. Kh2 Qd3 38. Qg5 Nd7 39. Bd6 Qf5 40. Qe7+ Kg8
41. Qe8+ Kg7 42. Qe7+ Kh6 43. Qe3+ g5 44. Qe8 h4 45. Qh8+ Kg6 46. Qg8+ Kh6 47.
Qh8+ Qh7 48. Qe8 Qf5 1/2-1/2

[Event "SPICE Cup Open 2020"]
[Site "Chesterfield MO USA"]
[Date "2020.10.21"]
[Round "2"]
[White "Niemann, Hans Moke"]
[Black "Lenderman, Aleksandr"]
[Result "0-1"]
[WhiteTitle "IM"]
[BlackTitle "GM"]
[WhiteElo "2465"]
[BlackElo "2634"]
[WhiteFideId "2093596"]
[BlackFideId "2021285"]
[EventDate "2020.10.20"]

1. d4 Nf6 2. c4 e6 3. Nf3 a6 4. Nc3 d5 5. cxd5 exd5 6. Bg5 Be6 7. Bxf6 Qxf6 8.
Qb3 Ra7 9. g3 Qd8 10. h4 c6 11. Bh3 Bxh3 12. Rxh3 Be7 13. e4 dxe4 14. Ne5 O-O
15. O-O-O Nd7 16. Nxe4 Qc8 17. Rhh1 Ra8 18. f4 Nf6 19. Nc3 b5 20. Qc2 Rd8 21.
Kb1 c5 22. dxc5 Qxc5 23. Qb3 Rxd1+ 24. Rxd1 Rf8 25. a4 b4 26. Nd5 Nxd5 27. Rxd5
Qc8 28. Rd7 Qe8 29. Ra7 Bf6 30. Nd7 Qe1+ 31. Ka2 Bxb2 32. Qxb2 b3+ 33. Kxb3 Qe3+
34. Qc3 Qxa7 35. Nxf8 Kxf8 36. Qc8+ Ke7 37. Kc4 h5 38. Qc5+ Qxc5+ 39. Kxc5 g6
40. Kd5 Kf6 41. Kc6 Ke6 42. Kc5 Ke7 43. Kd5 Kf6 44. Kd6 Kf5 45. a5 f6 0-1

[Event "SPICE Cup Open 2020"]
[Site "Chesterfield MO USA"]
[Date "2020.10.21"]
[Round "2"]
[White "Gledura, Benjamin"]
[Black "Burke, John M"]
[Result "1-0"]
[WhiteTitle "GM"]
[BlackTitle "GM"]
[WhiteElo "2620"]
[BlackElo "2538"]
[WhiteFideId "712779"]
[BlackFideId "2070901"]
[EventDate "2020.10.20"]

1. d4 Nf6 2. c4 e6 3. Nf3 d5 4. e3 Be7 5. b3 O-O 6. Bb2 c5 7. Nbd2 cxd4 8. exd4
a5 9. Bd3 a4 10. O-O Nc6 11. Rc1 axb3 12. axb3 Nb4 13. Bb1 Na2 14. Rc2 b6 15.
Re1 Bb7 16. Qe2 Ra5 17. Ne5 Qa8 18. Ndf3 h6 19. Nxf7 Rxf7 20. Ne5 Bc8 21. cxd5
Ba6 22. dxe6 Bxe2 23. exf7+ Kf8 24. Rcxe2 Bd6 25. Nc4 Bxh2+ 26. Kxh2 Rh5+ 27.
Kg1 Kxf7 28. Nd6+ Kg8 29. Re8+ Nxe8 30. Rxe8+ Qxe8 31. Nxe8 Nb4 32. Nd6 Rd5 33.
Nc4 b5 34. Ne3 Rd8 35. Be4 Kf7 36. g4 g6 37. Kg2 h5 38. Kg3 Re8 39. f3 Na6 40.
Nd5 hxg4 41. Kxg4 Rh8 42. Bd3 Rh2 43. Bc3 1-0

[Event "SPICE Cup Open 2020"]
[Site "Chesterfield MO USA"]
[Date "2020.10.21"]
[Round "2"]
[White "Stearman, Josiah"]
[Black "Quesada Perez, Yuniesky"]
[Result "1-0"]
[WhiteTitle "FM"]
[BlackTitle "GM"]
[WhiteElo "2354"]
[BlackElo "2598"]
[WhiteFideId "2062496"]
[BlackFideId "3504409"]
[EventDate "2020.10.20"]

1. d4 Nf6 2. c4 e6 3. Nf3 b6 4. g3 Bb7 5. Bg2 g6 6. O-O Bg7 7. Re1 O-O 8. Nc3
Ne4 9. Nxe4 Bxe4 10. Bg5 f6 11. Bf4 Nc6 12. d5 Na5 13. Rc1 e5 14. Be3 c5 15.
dxc6 dxc6 16. Qa4 f5 17. Red1 Qe7 18. Bg5 Qe8 19. c5 Bd5 20. Qh4 e4 21. Nd4 Bxa2
22. cxb6 Bxd4 23. Rxd4 Nb3 24. b7 Rb8 25. Rd8 Qxd8 26. Bxd8 Nxc1 27. Be7 Rfe8
28. Bf1 Bd5 29. Bf6 Rxb7 30. Bc3 Na2 31. Bd4 Rf7 32. Qf4 Nb4 33. Bc3 Na2 34. Bd4
Nb4 35. Qd2 Rb7 36. Qg5 Rf7 37. Qd2 Rb7 38. Qg5 Rf7 39. Bc3 Na2 40. Bd2 Rd7 41.
h4 Kf7 42. h5 Re6 43. hxg6+ hxg6 44. Qh6 Kg8 45. Be3 Rh7 46. Qg5 Rd7 47. Bh3 Kf7
48. Qh4 Bc4 49. Qh7+ Ke8 50. Qg8+ Ke7 51. Bc5+ Rdd6 52. Bxd6+ Kxd6 53. Qd8+ Kc5
54. Qa5+ Kd6 55. b3 Bxe2 56. Qxa2 Bd3 57. Qxa7 Ke5 58. Bf1 Bxf1 59. Kxf1 Kf6 60.
Qd4+ Ke7 61. Ke2 1-0

[Event "SPICE Cup Open 2020"]
[Site "Chesterfield MO USA"]
[Date "2020.10.21"]
[Round "2"]
[White "Prohaszka, Peter2"]
[Black "Repka, Christopher"]
[Result "1/2-1/2"]
[WhiteTitle "GM"]
[BlackTitle "GM"]
[WhiteElo "2592"]
[BlackElo "2488"]
[WhiteFideId "726265"]
[BlackFideId "14918781"]
[EventDate "2020.10.20"]

1. c4 Nf6 2. g3 e6 3. Bg2 d5 4. Nf3 d4 5. O-O c5 6. e3 Nc6 7. exd4 cxd4 8. d3
Bd6 9. Bg5 h6 10. Bxf6 Qxf6 11. Nbd2 Bc7 12. a3 a5 13. c5 O-O 14. Rc1 e5 15. Re1
Be6 16. Nc4 Bd5 17. Nfd2 Bxg2 18. Kxg2 Qe6 19. Ne4 Rab8 20. Qf3 f5 21. Ned6 Bxd6
22. Nxd6 Qb3 23. Nc4 e4 24. dxe4 Qxf3+ 25. Kxf3 fxe4+ 26. Kg2 Rbe8 27. Nd6 e3
28. fxe3 Rxe3 29. Rxe3 dxe3 30. Rf1 Rd8 31. Re1 b6 32. Rxe3 bxc5 33. Nc4 Rd1 34.
a4 Rc1 35. Rc3 Ra1 36. Ne3 Rxa4 37. Rxc5 Re4 38. Nc4 Re6 39. h4 Kh7 40. Kh3 g6
41. Rb5 h5 42. Rb6 a4 43. Ra6 Kh6 44. Nd2 Re2 45. Nf3 Rc2 46. Rxa4 Rxb2 47. Re4
Rb4 48. Re8 Kg7 49. Rc8 Ne7 50. Rc7 Kf6 51. Ng5 Rb2 52. Rd7 Re2 53. Rd6+ Kg7 54.
Ne6+ Kf7 55. Ng5+ 1/2-1/2

[Event "SPICE Cup Open 2020"]
[Site "Chesterfield MO USA"]
[Date "2020.10.21"]
[Round "2"]
[White "Zaloznyy, Mike"]
[Black "Cordova, Emilio"]
[Result "0-1"]
[BlackTitle "GM"]
[WhiteElo "1989"]
[BlackElo "2592"]
[WhiteFideId "2023075"]
[BlackFideId "3801497"]
[EventDate "2020.10.20"]

1. d4 Nf6 2. e3 c5 3. c3 b6 4. Nf3 Bb7 5. Bd3 g6 6. Nbd2 Bg7 7. O-O O-O 8. a4
Nc6 9. Qe2 a6 10. Rd1 Qc7 11. Nb3 e5 12. Nxe5 Nxe5 13. dxe5 Qxe5 14. Nd2 Rfe8
15. Nf3 Qc7 16. c4 a5 17. Ra3 Rad8 18. Ne1 Bc6 19. Bc2 d5 20. f3 Bh6 21. g3 dxc4
22. Rxd8 Qxd8 23. Qxc4 Qa8 24. Kf2 Nd5 25. Be4 Nb4 26. Bxc6 Qxc6 27. Nd3 Rd8 28.
Bd2 Qd7 29. Ke2 Qh3 30. Nf2 Qxh2 31. Bxb4 cxb4 32. Rd3 Rxd3 33. Qxd3 Qxg3 34.
Qd8+ Bf8 35. Qxb6 Qe5 36. Nd3 Qd5 37. e4 Qg5 38. Qb5 Bh6 39. Qb8+ Kg7 40. Qe5+
Qxe5 41. Nxe5 Bf4 42. Nc6 Bc7 43. f4 f6 44. Kf3 h5 45. Nd4 Kf7 46. Nb5 Bb8 47.
Nd4 Ke8 48. Ne6 Ke7 49. Nd4 Kd7 50. b3 g5 51. fxg5 fxg5 52. Nf5 Be5 53. Ne3 Ke6
54. Nc4 g4+ 55. Kg2 h4 56. Nxa5 h3+ 57. Kh1 g3 58. Nc6 g2+ 59. Kg1 Bc3 60. Kh2
Kd6 0-1

[Event "SPICE Cup Open 2020"]
[Site "Chesterfield MO USA"]
[Date "2020.10.21"]
[Round "2"]
[White "Hakobyan, Aram"]
[Black "Sarkar, Justin"]
[Result "1-0"]
[WhiteTitle "GM"]
[BlackTitle "IM"]
[WhiteElo "2588"]
[BlackElo "2377"]
[WhiteFideId "13306677"]
[BlackFideId "2010011"]
[EventDate "2020.10.20"]

1. d4 Nf6 2. c4 g6 3. Nc3 d5 4. Nf3 Bg7 5. cxd5 Nxd5 6. e4 Nxc3 7. bxc3 c5 8.
Bb5+ Nc6 9. Rb1 O-O 10. d5 a6 11. Bd3 Bxc3+ 12. Bd2 Bxd2+ 13. Qxd2 Nd4 14. Nxd4
cxd4 15. O-O e6 16. dxe6 Bxe6 17. f4 f6 18. Rxb7 Rf7 19. Rb4 Qd6 20. Qb2 Bxa2
21. Rb6 Qc7 22. Ra1 Qxf4 23. Bf1 Qe3+ 24. Qf2 Qxf2+ 25. Kxf2 f5 26. Rxa2 fxe4+
27. Kg1 d3 28. Re6 Rc8 29. Ra1 Rc4 30. Re1 d2 31. Rd1 Rc1 32. Be2 a5 33. Rxe4 a4
34. Rxa4 1-0